| 000 | 00822nam a2200229Ia 4500 | ||
|---|---|---|---|
| 999 |
_c35996 _d35996 |
||
| 001 | 1895 | ||
| 003 | GE_BSU | ||
| 005 | 20221006143635.0 | ||
| 008 | 181216s2007ru xx |||||||||||||| ||rus|| | ||
| 020 | _a9785238012100 | ||
| 040 | _cGE_BSU | ||
| 041 | _arus | ||
| 080 | _a347.961(470)(075.8) Н-85 | ||
| 245 |
_aНотариат: _bУчебное пособие для вузов / _cПод. ред. Н.А.Волковой,Л.В. Щербачевой. |
||
| 264 |
_aМосква : _bЮнити Закон и право, _c2007. |
||
| 300 |
_a319 с. : _b20 см. |
||
| 653 | _aНотариат | ||
| 653 | _aნოტარიუსები | ||
| 700 |
_aВолковой, Н.А. _eრედაქტორი _915098 |
||
| 700 |
_aЩербачевой, Л.В. _eრედაქტორი _915099 |
||
| 942 |
_cBK _2udc |
||